Länder, die einen Buchstaben enthalten - EE+ - Statistiken

Allgemein
  • Dieses Quiz wurde 807 mal gespielt
  • Das Durchschnittsergebnis liegt bei 29 aus 41
Antwortstatistiken
Hinweis Land % Korrekt
4 x E Vereinigte Staaten
94%
4 x E Vereinigtes Königreich
91%
6 x E Vereinigte Arabische Emirate
88%
2 x E Schweden
87%
3 x E Neuseeland
85%
2 x E Argentinien
82%
2 x E Belgien
79%
3 x E Niederlande
79%
2 x E Eritrea
78%
3 x E Zentralafrikanische Republik
78%
2 x E Indonesien
77%
3 x E Demokratische Republik Kongo
76%
2 x E Norwegen
76%
2 x E Serbien
74%
6 x E Föderierte Staaten von Mikronesien
73%
2 x E Tschechien
73%
4 x E Elfenbeinküste
72%
2 x E Jemen
72%
2 x E Senegal
72%
3 x E Venezuela
72%
2 x E Algerien
71%
2 x E Dominikanische Republik
71%
3 x E Liechtenstein
71%
2 x E Griechenland
70%
2 x E Slowenien
70%
3 x E Bosnien und Herzegowina
67%
2 x E Österreich
67%
3 x E Seychellen
67%
4 x E St. Vincent und die Grenadinen
67%
2 x E Armenien
66%
2 x E Georgien
64%
2 x E Mauretanien
62%
2 x E Montenegro
60%
2 x E Nordmazedonien
60%
2 x E Malediven
59%
2 x E Tunesien
57%
2 x E Belize
52%
2 x E São Tomé und Príncipe
52%
2 x E Papua-Neuguinea
50%
3 x E Sierra Leone
46%
2 x E Kap Verde
40%
Keine übereinstimmenden Quizze gefunden
Verteilung der Resultate
Anzahl Personen mit jedem Resultat
Perzentil nach korrekt beantworteten Fragen
Ihre Resultats-Entwicklung
Sie haben dieses Quiz noch nicht gespielt